[Event "Grigorov Memorial 3rd"]
[Site "Sofia"]
[Date "2004.12.10"]
[Round "1.1"]
[White "Dojkova, Galina"]
[Black "Inkiov, Ventzislav"]
[Result "0-1"]
[WhiteElo "2065"]
[BlackElo "2496"]
[PlyCount "52"]
[EventDate "2004.12.10"]
[EventType "swiss"]
[EventRounds "5"]
[EventCountry "BUL"]
[SourceTitle "CBM 103 Extra"]
[Source "ChessBase"]
[SourceDate "2005.01.01"]
[SourceVersion "1"]
[SourceVersionDate "2005.01.01"]
[SourceQuality "1"]

1. e4 c5 2. Nf3 d6 3. d4 cxd4 4. Nxd4 Nf6 5. Nc3 Nc6 6. Bc4 e6 7. Bb3 a6 8. 0-0 Be7 9. Be3 0-0 10. f4 Nxd4 11. Bxd4 b5 12. e5 dxe5 13. fxe5 Nd7 14. Qh5 Nc5 15. Rad1 Bb7 16. Rf4 Qe8 17. Qe2 b4 18. Nb1 Nxb3 19. axb3 Qb5 20. Rd3 Rad8 21. Kh1 Bc5 22. Qe3 Bxd4 23. Rfxd4 Rxd4 24. Qxd4 h6 25. c4 bxc3 26. Qxc3 Rc8 0-1

[Event "BUL-ch qual"]
[Site "Rouse"]
[Date "2004.07.12"]
[Round "7"]
[White "Dojkova, Galina"]
[Black "Yordanov, Nikolay"]
[Result "0-1"]
[WhiteElo "2065"]
[BlackElo "2244"]
[PlyCount "57"]
[EventDate "2004.07.10"]
[EventType "swiss"]
[EventRounds "7"]
[EventCountry "BUL"]
[SourceTitle "CBM 101 Extra"]
[Source "ChessBase"]
[SourceDate "2004.09.01"]
[SourceVersion "2"]
[SourceVersionDate "2004.09.01"]
[SourceQuality "1"]

1. e4 c5 2. Nf3 Nc6 3. d4 cxd4 4. Nxd4 Nf6 5. Nc3 e5 6. Ndb5 d6 7. Bg5 a6 8. Bxf6 gxf6 9. Na3 b5 10. Nd5 Bg7 11. Bd3 Ne7 12. Nxe7 Qxe7 13. 0-0 f5 14. c4 0-0 15. cxb5 d5 16. f3 fxe4 17. fxe4 axb5 18. Nxb5 dxe4 19. Bxe4 Ra6 20. Nc3 f5 21. Bd5+ Kh8 22. Kh1 Rh6 23. g3 Rd8 24. Qb3 f4 25. gxf4 Qh4 26. Qc2 exf4 27. Bf3 Ba6 28. Rg1 Qh3 29. Qg2 0-1

[Event "BUL-chT (Women)"]
[Site "Plovdiv"]
[Date "2003.11.??"]
[Round "6"]
[White "Dojkova, Galina"]
[Black "Videnova, Iva"]
[Result "1/2-1/2"]
[WhiteElo "2047"]
[BlackElo "1996"]
[PlyCount "30"]
[EventDate "2003.11.05"]
[EventType "team"]
[EventRounds "7"]
[EventCountry "BUL"]
[SourceTitle "EXT 2006"]
[Source "ChessBase"]
[SourceDate "2005.11.24"]
[SourceVersion "1"]
[SourceVersionDate "2005.11.24"]
[SourceQuality "1"]

1. e4 c5 2. Nf3 Nc6 3. d4 cxd4 4. Nxd4 g6 5. c4 Bg7 6. Be3 Nf6 7. Nc3 d6 8. Be2 Bd7 9. 0-0 0-0 10. Qd2 Nxd4 11. Bxd4 Bc6 12. f3 a5 13. Nd5 Nd7 14. Rad1 Bxd4+ 15. Qxd4 Nc5 1/2-1/2

[Event "Antalya op"]
[Site "Antalya"]
[Date "2002.02.22"]
[Round "1"]
[White "Dojkova, Galina"]
[Black "Beshukov, Sergei"]
[Result "0-1"]
[WhiteElo "2055"]
[BlackElo "2465"]
[PlyCount "36"]
[EventDate "2002.02.22"]
[EventType "swiss"]
[EventRounds "9"]
[EventCountry "TUR"]
[SourceTitle "CBM 086 Extra"]
[Source "ChessBase"]
[SourceDate "2002.03.14"]
[SourceVersion "1"]
[SourceVersionDate "2002.03.14"]
[SourceQuality "1"]

1. e4 c5 2. Nf3 e6 3. d4 cxd4 4. Nxd4 Nc6 5. Nc3 Qc7 6. Be3 a6 7. Bd3 b5 8. Nxc6 Qxc6 9. 0-0 Bb7 10. Qe2 Nf6 11. Bd4 Be7 12. f4 b4 13. e5 Bc5 14. Bxc5 Qxc5+ 15. Qf2 Qxf2+ 16. Kxf2 Ng4+ 17. Kg3 Ne3 18. Rfe1 Nxg2 0-1

[Event "BUL-chT (Women)"]
[Site "Pamporovo"]
[Date "2001.10.03"]
[Round "1"]
[White "Dojkova, Galina"]
[Black "Nikolova, Nevena Svetlinova"]
[Result "1/2-1/2"]
[WhiteElo "2076"]
[BlackElo "2065"]
[PlyCount "56"]
[EventDate "2001.10.03"]
[EventType "team"]
[EventRounds "7"]
[EventCountry "BUL"]
[SourceTitle "CBM 084 Extra"]
[Source "ChessBase"]
[SourceDate "2001.10.26"]
[SourceVersion "1"]
[SourceVersionDate "2001.10.26"]
[SourceQuality "1"]

1. e4 c5 2. Nf3 e6 3. d4 cxd4 4. Nxd4 a6 5. Bd3 Qb6 6. Nb3 Qc7 7. Nc3 b5 8. 0-0 Bb7 9. f4 d6 10. Kh1 Nf6 11. Qe2 Nbd7 12. Bd2 Be7 13. Rae1 e5 14. fxe5 dxe5 15. Rf3 0-0 16. Ref1 b4 17. Nd1 a5 18. Rg3 Kh8 19. Bg5 a4 20. Nd2 Nc5 21. Bxf6 Bxf6 22. Qg4 Bc8 23. Qh5 Nxd3 24. cxd3 Ra6 25. Ne3 g6 26. Qe2 Bg7 27. Ndc4 Be6 28. Qd2 Qe7 1/2-1/2

[Event "Cutro op 07th"]
[Site "Cutro"]
[Date "2001.04.30"]
[Round "9"]
[White "Dojkova, Galina"]
[Black "Genocchio, Daniele"]
[Result "0-1"]
[WhiteElo "2110"]
[BlackElo "2278"]
[PlyCount "88"]
[EventDate "2001.04.22"]
[EventType "swiss"]
[EventRounds "9"]
[EventCountry "ITA"]
[SourceTitle "CBM 082 Extra"]
[Source "ChessBase"]
[SourceDate "2001.07.03"]
[SourceVersion "1"]
[SourceVersionDate "2001.07.03"]
[SourceQuality "1"]

1. e4 c5 2. Nf3 Nc6 3. d4 cxd4 4. Nxd4 Nf6 5. Nc3 e5 6. Ndb5 d6 7. Bg5 a6 8. Na3 b5 9. Bxf6 gxf6 10. Nd5 Bg7 11. Bd3 Be6 12. Qh5 f5 13. 0-0 f4 14. c4 b4 15. Nc2 Rb8 16. b3 0-0 17. g3 h6 18. Rae1 Qg5 19. Qxg5 hxg5 20. f3 a5 21. g4 Kh7 22. Ra1 Rb7 23. Kf2 Kg6 24. Rh1 Rh8 25. a3 bxa3 26. Rxa3 Bf6 27. Kg2 Rhb8 28. Na1 Bd8 29. Bc2 Kg7 30. Bd1 Bxd5 31. exd5 Nb4 32. Kf2 f5 33. gxf5 g4 34. fxg4 e4 35. h4 Kf6 36. Ke2 Ke5 37. Kd2 Rh7 38. Nc2 Nd3 39. Be2 Nc5 40. Kc3 Rxh4 41. Rxh4 Bxh4 42. Bf1 f3 43. Na1 e3 44. Ra2 Be1+ 0-1

[Event "Cutro op 07th"]
[Site "Cutro"]
[Date "2001.04.25"]
[Round "4"]
[White "Dragojlovic, Andjelko"]
[Black "Dojkova, Galina"]
[Result "1/2-1/2"]
[WhiteElo "2335"]
[BlackElo "2110"]
[PlyCount "58"]
[EventDate "2001.04.22"]
[EventType "swiss"]
[EventRounds "9"]
[EventCountry "ITA"]
[SourceTitle "CBM 082 Extra"]
[Source "ChessBase"]
[SourceDate "2001.07.03"]
[SourceVersion "1"]
[SourceVersionDate "2001.07.03"]
[SourceQuality "1"]

1. e4 e6 2. b3 d5 3. Bb2 dxe4 4. Nc3 Nf6 5. g4 Bd7 6. Bg2 Bc6 7. Qe2 Na6 8. a3 Nc5 9. Nh3 Qd6 10. b4 Na4 11. Nxa4 Bxa4 12. g5 Nd5 13. c4 Nf4 14. Nxf4 Qxf4 15. Qxe4 0-0-0 16. Qe3 Qxe3+ 17. dxe3 h6 18. h4 hxg5 19. hxg5 Rxh1+ 20. Bxh1 Be7 21. g6 f6 22. Be4 Rh8 23. Ke2 Rh6 24. Rg1 Be8 25. Bd3 f5 26. e4 Rxg6 27. Rxg6 Bxg6 28. exf5 Bxf5 29. Bxf5 exf5 1/2-1/2

[Event "Cutro op 07th"]
[Site "Cutro"]
[Date "2001.04.23"]
[Round "2"]
[White "Dojkova, Galina"]
[Black "Scerbo, Antonio"]
[Result "1/2-1/2"]
[WhiteElo "2110"]
[BlackElo "2095"]
[PlyCount "93"]
[EventDate "2001.04.22"]
[EventType "swiss"]
[EventRounds "9"]
[EventCountry "ITA"]
[SourceTitle "CBM 082 Extra"]
[Source "ChessBase"]
[SourceDate "2001.07.03"]
[SourceVersion "1"]
[SourceVersionDate "2001.07.03"]
[SourceQuality "1"]

1. e4 c5 2. Nf3 Nc6 3. d4 cxd4 4. Nxd4 Nf6 5. Nc3 e5 6. Ndb5 d6 7. Bg5 a6 8. Na3 b5 9. Bxf6 gxf6 10. Nd5 Bg7 11. c3 0-0 12. Bd3 Be6 13. Nc2 f5 14. 0-0 Rc8 15. f4 fxe4 16. Bxe4 f5 17. Bf3 Kh8 18. Kh1 Ne7 19. Nce3 e4 20. Be2 Nxd5 21. Nxd5 Rc5 22. Ne3 Qb6 23. Qd2 a5 24. a3 Rd8 25. g4 Qb7 26. Rg1 fxg4 27. Bxg4 Bf7 28. Rg2 d5 29. Rag1 Bf6 30. Nf5 b4 31. axb4 axb4 32. Nd4 bxc3 33. bxc3 Qb6 34. Bf5 Rg8 35. Rxg8+ Bxg8 36. Qg2 Qb8 37. Qh3 Rc7 38. Be6 Rg7 39. Rxg7 Bxg7 40. Bxg8 Qxg8 41. Ne6 Qc8 42. Qf5 Qc4 43. Kg2 Qe2+ 44. Kh3 Qf3+ 45. Kh4 Qf2+ 46. Kh3 Qf3+ 47. Kh4 1/2-1/2

[Event "Toulon op"]
[Site "Toulon"]
[Date "2001.??.??"]
[Round "4"]
[White "Dojkova, Galina"]
[Black "Radulov, Ivan"]
[Result "0-1"]
[WhiteElo "2076"]
[BlackElo "2408"]
[PlyCount "44"]
[EventDate "2001.10.??"]
[EventType "swiss"]
[EventRounds "9"]
[EventCountry "FRA"]
[SourceTitle "CBM 085 Extra"]
[Source "ChessBase"]
[SourceDate "2002.01.21"]
[SourceVersion "1"]
[SourceVersionDate "2002.01.21"]
[SourceQuality "1"]

1. e4 d6 2. d4 g6 3. Nc3 Bg7 4. g3 c6 5. a4 Nf6 6. Bg2 0-0 7. Nge2 Nbd7 8. h3 e5 9. Be3 Re8 10. 0-0 b6 11. g4 h5 12. g5 Nh7 13. Qd2 exd4 14. Nxd4 Ne5 15. b3 c5 16. Ndb5 Bxh3 17. Rad1 Bxg2 18. Kxg2 Qd7 19. f3 a6 20. Nxd6 Red8 21. a5 Bf8 22. Na4 Qxd6 0-1

[Event "Banja Dvorovi (Women)"]
[Site "Banja Dvorovi"]
[Date "2000.05.12"]
[Round "6"]
[White "Nestorovic, Irena"]
[Black "Dojkova, Galina"]
[Result "1-0"]
[WhiteElo "2111"]
[BlackElo "2087"]
[PlyCount "125"]
[EventDate "2000.05.06"]
[EventType "tourn"]
[EventRounds "9"]
[EventCountry "YUG"]
[SourceTitle "CBM 076 Extra"]
[Source "ChessBase"]
[SourceDate "2000.07.11"]
[SourceVersion "1"]
[SourceVersionDate "2000.07.11"]
[SourceQuality "1"]

1. d4 Nf6 2. c4 e6 3. Nc3 Bb4 4. Qc2 0-0 5. a3 Bxc3+ 6. Qxc3 Ne4 7. Qc2 f5 8. e3 b6 9. Nf3 Bb7 10. b3 d6 11. Bb2 Nd7 12. 0-0-0 b5 13. c5 dxc5 14. dxc5 Nexc5 15. b4 Ne4 16. Bxb5 Bd5 17. Bc6 Nb6 18. Ne5 a5 19. f3 Nd6 20. Bxa8 Qxa8 21. Rd4 Rc8 22. Kd2 c5 23. bxc5 Nb7 24. Nd3 Nd7 25. Qc3 Nf6 26. Rc1 Nd6 27. Ra4 Bxf3 28. Qxa5 Nde4+ 29. Kc2 Nd5 30. Qxa8 Nxe3+ 31. Kb1 Nd2+ 32. Ka2 Bxa8 33. c6 Bxc6 34. Nb4 Bxa4 35. Rxc8+ Kf7 36. Rc7+ Ke8 37. Rc3 Nxg2 38. Rg3 Ne1 39. Bc3 Nef3 40. Bxd2 Nxd2 41. Rxg7 f4 42. Rg2 Ne4 43. Nd3 f3 44. Rg4 Bc6 45. Rf4 Ng5 46. Nf2 e5 47. Rf5 Nf7 48. Ng4 Bd5+ 49. Kb2 Be6 50. Nf6+ Ke7 51. Rxf3 Ng5 52. Rf1 Bh3 53. Nd5+ Kd6 54. Rd1 Bg4 55. Rg1 h5 56. Nf6 Nf3 57. Rg2 Kc5 58. Nxg4 hxg4 59. Kc3 Kd5 60. a4 e4 61. a5 Kc6 62. Rb2 e3 63. a6 1-0

[Event "Banja Dvorovi (Women)"]
[Site "Banja Dvorovi"]
[Date "2000.05.07"]
[Round "2"]
[White "Sakotic, Jasna"]
[Black "Dojkova, Galina"]
[Result "1/2-1/2"]
[WhiteElo "2046"]
[BlackElo "2087"]
[PlyCount "68"]
[EventDate "2000.05.06"]
[EventType "tourn"]
[EventRounds "9"]
[EventCountry "YUG"]
[SourceTitle "CBM 076 Extra"]
[Source "ChessBase"]
[SourceDate "2000.07.11"]
[SourceVersion "1"]
[SourceVersionDate "2000.07.11"]
[SourceQuality "1"]

1. e4 e6 2. d4 d5 3. Nd2 Nf6 4. e5 Nfd7 5. Bd3 c5 6. c3 Nc6 7. Ne2 cxd4 8. cxd4 f6 9. exf6 Nxf6 10. Nf3 Bd6 11. 0-0 0-0 12. Bf4 Bxf4 13. Nxf4 Ng4 14. Ne2 Qd6 15. Ng3 e5 16. dxe5 Ncxe5 17. Nxe5 Nxe5 18. Bc2 d4 19. Bb3+ Kh8 20. Qd2 Bg4 21. Rae1 Rad8 22. Qg5 Nd3 23. Qxg4 Nxe1 24. Rxe1 d3 25. Re6 Qc5 26. Ne4 Qc1+ 27. Bd1 Rf4 28. Qh5 g6 29. Qe5+ Kg8 30. Re8+ Rxe8 31. Qxe8+ Kg7 32. Qe5+ Kg8 33. Qd5+ Kf8 34. Qd6+ Kg7 1/2-1/2

[Event "Ostrava zt (Women)"]
[Site "Ostrava"]
[Date "1999.05.26"]
[Round "5"]
[White "Dojkova, Galina"]
[Black "Jackova, Jana"]
[Result "0-1"]
[WhiteElo "2131"]
[BlackElo "2202"]
[PlyCount "68"]
[EventDate "1999.05.??"]
[EventType "swiss"]
[EventRounds "9"]
[EventCountry "CZE"]
[SourceTitle "CBM 070 Extra"]
[Source "ChessBase"]
[SourceDate "1999.07.10"]
[SourceVersion "1"]
[SourceVersionDate "1999.07.10"]
[SourceQuality "1"]

1. e4 e5 2. Nf3 Nc6 3. Bc4 Bc5 4. c3 Nf6 5. d3 d6 6. Nbd2 a6 7. Bb3 0-0 8. h3 Ba7 9. Nf1 Be6 10. Ng3 h6 11. 0-0 Re8 12. Nh2 Ne7 13. Ng4 Ng6 14. Qf3 Nxg4 15. hxg4 Nh4 16. Qe2 d5 17. Nf5 b5 18. g3 Ng6 19. Kg2 Qd7 20. Rh1 Rad8 21. Be3 c5 22. Rad1 Qb7 23. Bxh6 dxe4 24. dxe4 Bxb3 25. Rxd8 Rxd8 26. Bxg7 Be6 27. Bf6 Qb6 28. Qe3 Bxf5 29. gxf5 Qxf6 30. fxg6 Qxg6 31. Rh6 Qg7 32. Rxa6 f6 33. Qe2 c4 34. Qf3 Rd2 0-1

[Event "Creon op 4th"]
[Site "Creon"]
[Date "1999.??.??"]
[Round "?"]
[White "Leygue, Dominique"]
[Black "Dojkova, Galina"]
[Result "0-1"]
[WhiteElo "2297"]
[BlackElo "2131"]
[PlyCount "37"]
[EventDate "1999.??.??"]
[EventType "swiss"]
[EventRounds "9"]
[EventCountry "FRA"]
[SourceTitle "EXT 2000"]
[Source "ChessBase"]
[SourceDate "1999.11.16"]
[SourceVersion "1"]
[SourceVersionDate "1999.11.16"]
[SourceQuality "1"]

1. e4 e6 2. Nf3 d5 3. e5 c5 4. b4 cxb4 5. d4 Ne7 6. a3 Nf5 7. axb4 Bxb4+ 8. c3 Be7 9. Bd3 0-0 10. g4 Nh4 11. Nxh4 Bxh4 12. g5 Bxg5 13. Bxh7+ Kxh7 14. Qh5+ Bh6 15. Rg1 Rg8 16. c4 Nc6 17. Ra3 Nxd4 18. Bxh6 gxh6 19. Qxh6+ 0-1

[Event "Baharov Memorial op"]
[Site "Sofia"]
[Date "1995.??.??"]
[Round "4"]
[White "Anev, Asen"]
[Black "Dojkova, Galina"]
[Result "1-0"]
[WhiteElo "2215"]
[BlackElo "2155"]
[PlyCount "68"]
[EventDate "1995.12.??"]
[EventType "swiss"]
[EventRounds "9"]
[EventCountry "BUL"]
[SourceTitle "EXT 2002"]
[Source "ChessBase"]
[SourceDate "2001.11.25"]
[SourceVersion "1"]
[SourceVersionDate "2001.11.25"]
[SourceQuality "1"]

1. d4 Nf6 2. c4 e6 3. Nf3 b6 4. g3 Bb7 5. Bg2 Be7 6. Nc3 0-0 7. d5 exd5 8. cxd5 Bb4 9. Nh4 Na6 10. 0-0 Re8 11. Bg5 h6 12. Be3 Nc5 13. Bd4 Ba6 14. Re1 Nce4 15. f3 Nxc3 16. bxc3 Bf8 17. e4 c6 18. f4 cxd5 19. exd5 Rxe1+ 20. Qxe1 Rc8 21. Nf5 d6 22. h3 Nd7 23. g4 g6 24. Ne3 Bg7 25. Nc2 Qc7 26. Nb4 Bb7 27. Nc6 Bxc6 28. dxc6 Nb8 29. f5 g5 30. f6 Bf8 31. Bd5 Nxc6 32. Qe4 Nxd4 33. Qg6+ Kh8 34. Bxf7 Nf3+ 1-0

[Event "Baharov Memorial op"]
[Site "Sofia"]
[Date "1995.??.??"]
[Round "5"]
[White "Dojkova, Galina"]
[Black "Bochev, Krasimir"]
[Result "1-0"]
[WhiteElo "2155"]
[BlackElo "2210"]
[PlyCount "39"]
[EventDate "1995.12.??"]
[EventType "swiss"]
[EventRounds "9"]
[EventCountry "BUL"]
[SourceTitle "EXT 2002"]
[Source "ChessBase"]
[SourceDate "2001.11.25"]
[SourceVersion "1"]
[SourceVersionDate "2001.11.25"]
[SourceQuality "1"]

1. e4 c6 2. d4 d5 3. Nc3 g6 4. Nf3 Bg7 5. Be2 Nh6 6. Bf4 0-0 7. Qd2 dxe4 8. Nxe4 Nf5 9. 0-0-0 a5 10. h4 Na6 11. Bxa6 Rxa6 12. h5 b5 13. Nc5 Ra7 14. g4 Nd6 15. Ne5 Qe8 16. Bh6 f6 17. Bxg7 fxe5 18. Bxf8 Kxf8 19. dxe5 Nc4 20. Qg5 1-0

[Event "Nadole zt (Women)"]
[Site "Nadole"]
[Date "1995.??.??"]
[Round "?"]
[White "Dojkova, Galina"]
[Black "Kiss, Fernanda"]
[Result "1-0"]
[WhiteElo "2155"]
[BlackElo "2170"]
[PlyCount "57"]
[EventDate "1995.??.??"]
[EventType "swiss"]
[EventRounds "9"]
[EventCountry "POL"]
[SourceTitle "EXT 2001"]
[Source "ChessBase"]
[SourceDate "2000.11.22"]
[SourceVersion "1"]
[SourceVersionDate "2000.11.22"]
[SourceQuality "1"]

1. e4 c5 2. Nf3 e6 3. d4 cxd4 4. Nxd4 Nf6 5. Bd3 Nc6 6. Be3 d5 7. Nxc6 bxc6 8. e5 Nd7 9. f4 Nc5 10. 0-0 Nxd3 11. cxd3 Be7 12. d4 0-0 13. Nc3 Qb6 14. Na4 Qb5 15. Rf3 Rb8 16. Rh3 Ba6 17. Rc1 Rfc8 18. b3 Qa5 19. f5 exf5 20. Qh5 h6 21. Qxf5 Ba3 22. Rc3 Bb2 23. Rxh6 Bxc3 24. Qh7+ Kf8 25. Qh8+ Ke7 26. Qxg7 Rg8 27. Bg5+ Kd7 28. Qxf7+ Kc8 29. Rxc6+ 1-0

[Event "Nadole zt (Women)"]
[Site "Nadole"]
[Date "1995.??.??"]
[Round "?"]
[White "Dojkova, Galina"]
[Black "Leszner, Liliana"]
[Result "0-1"]
[WhiteElo "2155"]
[BlackElo "2205"]
[PlyCount "104"]
[EventDate "1995.??.??"]
[EventType "swiss"]
[EventRounds "9"]
[EventCountry "POL"]
[SourceTitle "EXT 2001"]
[Source "ChessBase"]
[SourceDate "2000.11.22"]
[SourceVersion "1"]
[SourceVersionDate "2000.11.22"]
[SourceQuality "1"]

1. e4 d6 2. d4 g6 3. Nc3 Bg7 4. f4 Nc6 5. d5 Nd4 6. Nf3 Bg4 7. Be2 Bxf3 8. Bxf3 c5 9. dxc6 bxc6 10. 0-0 Rb8 11. Rb1 e6 12. Ne2 Nxf3+ 13. Rxf3 Ne7 14. Kh1 0-0 15. b3 d5 16. e5 c5 17. Be3 Qa5 18. a4 Rfd8 19. Qg1 d4 20. Bf2 g5 21. fxg5 Bxe5 22. Bg3 Ng6 23. Qf2 Rb7 24. Rf1 Rdd7 25. Nf4 Bxf4 26. Bxf4 Nxf4 27. Rxf4 e5 28. Rh4 Qa6 29. Rh6 Rb6 30. Qf5 Rg6 31. Re1 Re7 32. Kg1 Qe6 33. Rxg6+ hxg6 34. Qxe6 Rxe6 35. Re4 Kf8 36. h4 Ke7 37. g4 f6 38. gxf6+ Kxf6 39. Kg2 a5 40. Kg3 c4 41. bxc4 Rc6 42. h5 gxh5 43. gxh5 Rxc4 44. h6 Rc3+ 45. Kg4 Rxc2 46. Re1 Rh2 47. Rf1+ Ke6 48. Kg5 d3 49. Kg6 e4 50. h7 d2 51. Rf6+ Ke5 52. Rf2 d1Q 0-1

[Event "Baharov Memorial op"]
[Site "Sofia"]
[Date "1995.??.??"]
[Round "2"]
[White "Jankov, Janko"]
[Black "Dojkova, Galina"]
[Result "0-1"]
[WhiteElo "2235"]
[BlackElo "2155"]
[PlyCount "42"]
[EventDate "1995.12.??"]
[EventType "swiss"]
[EventRounds "9"]
[EventCountry "BUL"]
[SourceTitle "EXT 2002"]
[Source "ChessBase"]
[SourceDate "2001.11.25"]
[SourceVersion "1"]
[SourceVersionDate "2001.11.25"]
[SourceQuality "1"]

1. e4 e6 2. d4 d5 3. Nd2 Nf6 4. Bd3 c5 5. c3 cxd4 6. cxd4 dxe4 7. Nxe4 Bb4+ 8. Nc3 0-0 9. Nf3 b6 10. 0-0 Bb7 11. Bf4 Nc6 12. Rc1 Qd7 13. a3 Be7 14. Bb5 Rfd8 15. Ne5 Qe8 16. Ne2 Rd6 17. Qa4 Rc8 18. d5 Nxd5 19. Nd4 Nxf4 20. Ndxc6 Bg5 21. h4 Ne2+ 0-1

[Event "Nadole zt (Women)"]
[Site "Nadole"]
[Date "1995.??.??"]
[Round "?"]
[White "Olarasu, Gabriela"]
[Black "Dojkova, Galina"]
[Result "1-0"]
[WhiteElo "2270"]
[BlackElo "2155"]
[PlyCount "101"]
[EventDate "1995.??.??"]
[EventType "swiss"]
[EventRounds "9"]
[EventCountry "POL"]
[SourceTitle "EXT 2001"]
[Source "ChessBase"]
[SourceDate "2000.11.22"]
[SourceVersion "1"]
[SourceVersionDate "2000.11.22"]
[SourceQuality "1"]

1. Nf3 c5 2. c4 b6 3. g3 Bb7 4. Bg2 g6 5. d4 cxd4 6. Qxd4 Nf6 7. Nc3 Bg7 8. 0-0 0-0 9. Qh4 d6 10. Bh6 Nbd7 11. Nd5 e6 12. Bxg7 Kxg7 13. Nxf6 Nxf6 14. Rfd1 Rc8 15. Qd4 Qc7 16. b3 Rfd8 17. Qb2 a6 18. Ne1 Bxg2 19. Nxg2 b5 20. Rac1 b4 21. g4 Qc5 22. Rd3 Qe5 23. Qxe5 dxe5 24. Ne3 Ne4 25. Rxd8 Rxd8 26. Rc2 Nc3 27. g5 Rd4 28. f3 f6 29. gxf6+ Kxf6 30. Kf2 Kg5 31. a3 a5 32. axb4 axb4 33. Ke1 e4 34. Rd2 Rxd2 35. Kxd2 exf3 36. exf3 Kf4 37. Nc2 Kxf3 38. Nxb4 Ne4+ 39. Kc2 Nf6 40. Nd3 Ke4 41. Kc3 g5 42. b4 h5 43. b5 Nd7 44. c5 Kd5 45. Kb4 e5 46. c6 Nb6 47. Ka5 Nc4+ 48. Ka6 e4 49. c7 Nd6 50. Nb4+ Kc5 51. b6 1-0

[Event "BUL-chT (Women)"]
[Site "Bankia"]
[Date "1992.??.??"]
[Round "?"]
[White "Dojkova, Galina"]
[Black "Kolchakova, Jeni"]
[Result "1/2-1/2"]
[WhiteElo "2005"]
[BlackElo "2030"]
[PlyCount "79"]
[EventDate "1992.??.??"]
[EventType "team-swiss"]
[EventRounds "7"]
[EventCountry "BUL"]
[SourceTitle "EXT 1998"]
[Source "ChessBase"]
[SourceDate "1997.11.17"]
[SourceVersion "1"]
[SourceVersionDate "1997.11.17"]
[SourceQuality "1"]

1. e4 e5 2. Bc4 Nc6 3. Nf3 Be7 4. 0-0 Nf6 5. d3 0-0 6. Re1 d6 7. c3 Na5 8. Bb5 a6 9. Ba4 b5 10. Bc2 c5 11. Nbd2 Re8 12. d4 Bf8 13. d5 g6 14. Nf1 Bg7 15. Ng3 Rf8 16. Rf1 Ne8 17. Ne1 f5 18. f4 exf4 19. Bxf4 g5 20. Bc1 f4 21. Nf5 Bxf5 22. exf5 Be5 23. h4 h6 24. Qh5 Qf6 25. hxg5 hxg5 26. Nf3 Ng7 27. Qxg5 Qxg5 28. Nxg5 Nxf5 29. Ne6 Ng3 30. Nxf8 Nxf1 31. Ng6 Ng3 32. Kf2 Nh5 33. Bd1 Nf6 34. Bxf4 Bxf4 35. Nxf4 Nc4 36. b3 Ne5 37. Bf3 Rf8 38. a4 b4 39. cxb4 cxb4 40. Rc1 1/2-1/2